| 000 | 00760nam a2200229 i 4500 | ||
|---|---|---|---|
| 001 | 175609 | ||
| 003 | ES-MaACL | ||
| 005 | 20250831072604.0 | ||
| 007 | t| | ||
| 008 | 101111s1972 sp r ||||1| spa d | ||
| 080 | _a27(091) | ||
| 100 | 1 |
_aNicolau, Miguel. _985582 |
|
| 245 | 1 | 3 |
_aLa crisis de la Iglesia _b: criterios de renovación / _cpor Miguel Nicolau. |
| 260 |
_aMadrid : _bLa Editorial Católica, _c1972. |
||
| 300 |
_aXV, 318, [14] p. ; _c18 cm. |
||
| 490 | 1 |
_aBiblioteca de autores cristianos. Serie Minor ; _v27 |
|
| 500 | _aÍndice. | ||
| 650 | 0 | 7 |
_aHistoria eclesiástica _2embne _913400 |
| 830 | 0 | 0 |
_aBiblioteca de autores cristianos. _pMinor _v27 _9189814 |
| 852 |
_aES-MaACL _jE-13494 _xOlim P-1255 |
||
| 999 |
_c175609 _d175609 |
||